| 000 | 01398nam a2200205Ia 4500 | ||
|---|---|---|---|
| 003 | IT-RoPau | ||
| 005 | 20220918175919.0 | ||
| 008 | 120407s9999 xx 000 0 und d | ||
| 040 |
_aIT-RoPAU _cIT-RoPau |
||
| 040 | _cIT-RoPAU | ||
| 041 | _aita | ||
| 245 | _a"Atti e Documenti del V Capitolo Generale della Società san Paolo. Ariccia, 28 febbraio- 27 marzo 1986." | ||
| 250 | _aRoma | ||
| 260 |
_aRoma _bCasa Generalizia SSP _c1986 |
||
| 300 |
_a63 p. _c21,5 cm |
||
| 490 | _aPro manuscripto. | ||
| 520 | _aSommario Introduzione di D. Renato Perino Messaggio del Card. J. Hamer., O.P., Profetto della C.R.I.S. Programma del Capitolo Parte prima Testi capitolari per l'animazione 1. Approfondimento del 'quadro di riferimento' per l'evangelizzazione paolina 2. Diagnosi sull'evangelizzazione paolina 3. Principali sfide dell'evangelizzazione paolina Seconda parte Decisione capitolari per l'azione Piano di congregazionale per il sessennio 1986-1992 Prima priorità Seconda priorità Terza priorità Quarta priorità Allegati Mozione capitolare circa la normativa riguardante la parità sacerdoti-discepoli (Lettera al Card.Hamer. Prefetto della C.R.I.S. Udienza Pontificia ai Capitolari: Indirizzo di saluto del Superiore genarale a S.S. Giovanni Paolo II Discorso del Papa ai Capitolari Modifiche approvate a due articoli del Direttorio | ||
| 942 |
_cBK _2ddc |
||
| 999 |
_c36133 _d36133 |
||